000
00189 a2200097 4500
001
4434
100
_a
Karman,T.V
245
_a
Aerodynamics
260
_a
_b
Cornell
_c
090
_c
3632
_d
3632
942
_a
NUST-CAE
_c
M
_c
29247
999
_c
239507
_d
239507